Историческое краеведение Воронежской области. [Ч. 2]: Середина XIX - начало XXI века (Запись № 9925750)

Подробности
000 -МАРКЕР
контрольное поле 01779nam2a2200253 4500
001 - ИДЕНТИФИКАТОР ЗАПИСИ
контрольное поле RU\NLR\BIBL_A\010746434
005 - ИДЕНТИФИКАТОР ВЕРСИИ
контрольное поле 20250614093111.0
010 ## - МЕЖДУНАРОДНЫЙ СТАНДАРТНЫЙ НОМЕР КНИГИ (ISBN)
Номер (ISBN) 978-5-00044-314-9
Тираж 2000
021 ## - НОМЕР ГОСУДАРСТВЕННОЙ РЕГИСТРАЦИИ
Код страны Российская Федерация
Номер 2015-79528
Номер Листа государственной регистраци 4815
035 ## - ДРУГИЕ СИСТЕМНЫЕ НОМЕРА
Идентификатор записи (NLR Aleph) 010746434
100 ## - ДАННЫЕ ОБЩЕЙ ОБРАБОТКИ
Данные общей обработки 20150420d2015 |||y0rusy50 ca
101 0# - ЯЗЫК РЕСУРСА
Язык текста, звукозаписи и т.д. русский
102 ## - СТРАНА ПУБЛИКАЦИИ ИЛИ ПРОИЗВОДСТВА
Страна публикации Российская Федерация
105 ## - ПОЛЕ КОДИРОВАННЫХ ДАННЫХ: ТЕКСТОВЫЕ МАТЕРИАЛЫ, МОНОГРАФИЧЕСКИЕ
Кодированные данные о монографическом текстовом документе acbhj|||000yy
200 0# - ЗАГЛАВИЕ И СВЕДЕНИЯ ОБ ОТВЕТСТВЕННОСТИ
Основное заглавие Середина XIX - начало XXI века
Сведения, относящиеся к заглавию [для учащихся 9 класса]
210 ## - ПУБЛИКАЦИЯ, РАСПРОСТРАНЕНИЕ И ДР.
Дата издания, распространения и т.д. 2015
Место издания, распространения и т.д. Б. м.
215 ## - ФИЗИЧЕСКАЯ ХАРАКТЕРИСТИКА
Специфическое обозначение материала и объем 208 с.
Другие сведения о физической характеристике ил., портр., карт., цв. ил., портр., факс.
320 ## - ПРИМЕЧАНИЯ О НАЛИЧИИ В ДОКУМЕНТЕ БИБЛИОГРАФИИ / УКАЗАТЕЛЯ
Текст примечания Библиогр. в тексте и в подстроч. примеч.
461 #0 - УРОВЕНЬ НАБОРА
Встроенное поле 001RU\NLR\BIBL_A\010801071
-- 2001#$aИсторическое краеведение Воронежской области$e(с древнейших времен до середины XIX века)$e[учебно-методическое пособие$eдля учащихся 8 класса общеобразовательных учреждений]$fНемыкин А. Я., Немыкина И. В.$v[Ч. 2]
-- 700#1$aНемыкин$bА. Я.$gАлександр Яковлевич
Системный номер (АБИС) связанной записи 10160549
Автор Немыкин, А. Я.
Место публикации Воронеж
Дата публикации 2015
Первые сведения об ответственности Немыкин А. Я., Немыкина И. В.
Имя издателя, распространителя и т.д. ВГПУ
Сведения, относящиеся к заглавию (с древнейших времен до середины XIX века) : [учебно-методическое пособие : для учащихся 8 класса общеобразовательных учреждений]
Заглавие Историческое краеведение Воронежской области
Номер тома [Ч. 2]
942 ## - ДОПОЛНИТЕЛЬНЫЕ ЭЛЕМЕНТЫ ЗАПИСИ (АБИС)
Тип экземпляра АБИС Книга
980 ## - КОЛЛЕКЦИЯ
Название коллекции Национальная библиография
Экземпляры
Тип экземпляра Дата поступления Источник поступления Библиотека постоянного хранения Библиотека текущего хранения Место хранения Шифр хранения Штрих-код Статус экземпляра Стоимость
Книга 09.11.2015 Обязательный экземпляр РНБ (Московский) РНБ (Московский) Русский книжный фонд: издания с 1957 года 2015-3/19450 1-1178861    
Книга 09.11.2015 Обязательный экземпляр РНБ (Московский) РНБ (Московский) Обменный фонд   1-1178862   60.00